صحيح وضعيف تاريخ الطبري / (رقم التسجيلة. 4661)

تفاصيل مارك
000 -الفاتح
حقل البيانات ثابتة الطول 01060cam a2200265a 44500
003 - محدد رقم الضبط
رقم الضبط OSt
005 - وقت وتاريخ اخر تعامل مع التسجيلة
رقم الضبط 20150408113759.0
008 - عناصر البيانات ثابتة الطول - معلومات عامة
حقل البيانات ثابتة الطول 030313s1979 ||| g 00000dara dd
040 ## - مصدر الفهرسة
وكالة الفهرسة الأصلية MU
لغة الفهرسة ara
وكالة النسخ MB
041 ## - رمز اللغة
رمز لغة النص/ المسارات الصوتية أو العنوان الانفرادي عربي
072 ## - رمز الفئه الموضوعية
رمز فئه الموضوع 089
مجموعة رمز فئه الموضوع التاريخ العام للعرب والإسلام (يشمل الحضارة الإسلامية)
082 04 - رقم تصنيف ديوى العشرى
رقم التصنيف 953
092 ## - رقم استدعاء ديوى المحلى
رقم التصنيف 953
رقم المادة ط ج ت
100 ## - المدخل الرئيسى - إسم شخصى
الإسم الشخصى ابن جرير الطبري، محمد بن جرير بن يزيد،
التواريخ المصاحبة للاسم 224-310 هـ.
9 (RLIN) 16625
245 00 - بيان العنوان
العنوان صحيح وضعيف تاريخ الطبري /
بيان المسئوليه,etc أبو جعفر محمد بن جرير الطبري ؛ حققه محمد البرزنجي ؛ راجعه محمد حلاق.
250 ## - بيان الطبعة
بيان الطبعة ط. 5.
260 ## - PUBLICATION, DISTRIBUTION, ETC. (IMPRINT)
مكان الناشر او الموزع دمشق :
اسم الناشر او الموزع دار ابن كثير،
تاريخ النشر أو التوزيع 2007
300 ## - الوصف المادى
التعداد 13 مج. ؛
أبعاد الوعاء 24 سم.
650 #7 - المدخل الاضافى بالموضوع-مصطلح موضوعى
مصطلح موضوعي أو اسم جغرافي كعنصر مدخل التاريخ الإسلامي
مصدر الرأس أو المصطلح aucsh.
650 #7 - المدخل الاضافى بالموضوع-مصطلح موضوعى
مصطلح موضوعي أو اسم جغرافي كعنصر مدخل الحضارة الاسلامية
650 #7 - المدخل الاضافى بالموضوع-مصطلح موضوعى
مصطلح موضوعي أو اسم جغرافي كعنصر مدخل الملوك والحكام
مصدر الرأس أو المصطلح aucsh.
700 1# - المدخل الاضافى - اسم شخصى
الإسم الشخصى البرزنجي، محمد
9 (RLIN) 16626
700 1# - المدخل الاضافى - اسم شخصى
الإسم الشخصى حلاق، محمد
9 (RLIN) 3807
942 ## - عناصر المدخل الإضافي( كوها)
مصدر التصنيف او مخطط الترفيف Dewey Decimal Classification
Koha [default] item type كتاب
المقتنيات
حالة الفقد نموذج السعر الفعال حالة تلف ليس للاعارة رقم الطلب تاريخ الاكتساب الموقع الحالي الباركود الفرع الرئيسي Date last checked out Date last seen نوع المادة فى نظام كوها مصدر التصنيف او خطة الترفيف Total Checkouts
  2013-03-10     953 مج1 ط ج ص 2012-07-24 المكتبة المركزية بالمجمعة (CL) 00092352 المكتبة المركزية بالمجمعة (CL) 2019-03-20 2019-04-30 كتاب Dewey Decimal Classification 1
  2013-03-10     953 مج2 ط ج ص 2012-07-24 المكتبة المركزية بالمجمعة (CL) 00092353 المكتبة المركزية بالمجمعة (CL)   2013-03-10 كتاب Dewey Decimal Classification  
  2013-03-10     953 مج3 ط ج ص 2012-07-24 المكتبة المركزية بالمجمعة (CL) 00092354 المكتبة المركزية بالمجمعة (CL)   2013-03-10 كتاب Dewey Decimal Classification  
  2013-03-10     953 مج4 ط ج ص 2012-07-24 المكتبة المركزية بالمجمعة (CL) 00092355 المكتبة المركزية بالمجمعة (CL)   2013-03-10 كتاب Dewey Decimal Classification  
  2013-03-10     953 مج5 ط ج ص 2012-07-24 المكتبة المركزية بالمجمعة (CL) 00092356 المكتبة المركزية بالمجمعة (CL)   2013-03-10 كتاب Dewey Decimal Classification  
  2013-03-10     953 مج6 ط ج ص 2012-07-24 المكتبة المركزية بالمجمعة (CL) 00092357 المكتبة المركزية بالمجمعة (CL)   2013-03-10 كتاب Dewey Decimal Classification  
  2013-03-10     953 مج7 ط ج ص 2012-07-24 المكتبة المركزية بالمجمعة (CL) 00092358 المكتبة المركزية بالمجمعة (CL)   2013-03-10 كتاب Dewey Decimal Classification  
  2013-03-10     953 مج8 ط ج ص 2012-07-24 المكتبة المركزية بالمجمعة (CL) 00092359 المكتبة المركزية بالمجمعة (CL)   2013-03-10 كتاب Dewey Decimal Classification  
  2013-03-10     953 مج9 ط ج ص 2012-07-24 المكتبة المركزية بالمجمعة (CL) 00092360 المكتبة المركزية بالمجمعة (CL)   2013-03-10 كتاب Dewey Decimal Classification  
  2013-03-10     953 مج10 ط ج ص 2012-07-24 المكتبة المركزية بالمجمعة (CL) 00092361 المكتبة المركزية بالمجمعة (CL)   2013-03-10 كتاب Dewey Decimal Classification  
  2013-03-10     953 مج11 ط ج ص 2012-07-24 المكتبة المركزية بالمجمعة (CL) 00092362 المكتبة المركزية بالمجمعة (CL)   2013-03-10 كتاب Dewey Decimal Classification  
  2013-03-10     953 مج12 ط ج ص 2012-07-24 المكتبة المركزية بالمجمعة (CL) 00092363 المكتبة المركزية بالمجمعة (CL)   2013-03-10 كتاب Dewey Decimal Classification  
  2013-03-10     953 مج13 ط ج ص 2012-07-24 المكتبة المركزية بالمجمعة (CL) 00092364 المكتبة المركزية بالمجمعة (CL)   2013-03-10 كتاب Dewey Decimal Classification